[Event "New Zealand Open"]
[Site "Devonport, Auckland NZL"]
[Date "2016.01.02"]
[EventDate "2016.01.02"]
[Round "1.1"]
[Result "1-0"]
[White "Nigel Short"]
[Black "William Xiang Wei Li"]
[WhiteElo "2684"]
[BlackElo "2030"]
[PlyCount "79"]

1. c4 c6 2. Nf3 d5 3. d4 Nf6 4. Qc2 e6 5. g3 Nbd7 6. Bg2 Bd6
7. O-O O-O 8. Nbd2 Re8 9. Rd1 Qe7 10. e4 dxe4 11. Nxe4 Nxe4
12. Qxe4 Nf6 13. Qc2 h6 14. Re1 Qc7 15. c5 Bf8 16. Bf4 Qd8
17. Qd2 Nd5 18. Ne5 Qf6 19. Ng4 Qd8 20. Ne5 Qf6 21. h4 Nxf4
22. Qxf4 Qxf4 23. gxf4 Rd8 24. Rad1 Bd7 25. h5 Be8 26. Bf3 Kh7
27. a3 f6 28. Be4+ Kg8 29. Ng6 Bxg6 30. Bxg6 Rd5 31. b4 Rad8
32. Rxe6 Rxd4 33. Rxd4 Rxd4 34. Re8 a5 35. bxa5 Ra4 36. Rb8
Rxa5 37. Bf5 Kf7 38. Rxb7+ Ke8 39. Bg6+ Kd8 40. Rb8+ 1-0

[Event "New Zealand Open"]
[Site "Devonport, Auckland NZL"]
[Date "2016.01.02"]
[EventDate "2016.01.02"]
[Round "1.2"]
[Result "0-1"]
[White "Kim Yew Chan"]
[Black "Gawain Jones"]
[WhiteElo "2019"]
[BlackElo "2625"]
[PlyCount "84"]

1. d4 g6 2. Nf3 Bg7 3. c4 d6 4. g3 Nd7 5. Bg2 e5 6. O-O Ne7
7. Nc3 O-O 8. e4 exd4 9. Nxd4 Nc6 10. Nde2 a5 11. Be3 Nde5
12. b3 a4 13. h3 axb3 14. axb3 Rxa1 15. Qxa1 f5 16. f4 Nd3
17. Rd1 fxe4 18. Bxe4 Ndb4 19. Kh2 Re8 20. Qc1 Qe7 21. Bf2 Bf5
22. Bxf5 gxf5 23. Qb1 Qf7 24. Nd4 Nxd4 25. Bxd4 Bxd4 26. Rxd4
Qg7 27. Qd1 c5 28. Rxd6 Qxc3 29. Rd8 Qe3 30. Qd7 Rxd8
31. Qxd8+ Kf7 32. Qd7+ Kf6 33. Qd8+ Qe7 34. Qh8+ Kg6 35. Qg8+
Kh6 36. g4 Nd3 37. g5+ Kh5 38. Qd5 Qe2+ 39. Kg1 Qf2+ 40. Kh1
Qf1+ 41. Kh2 Qxf4+ 42. Kh1 Qe4+ 0-1

[Event "New Zealand Open"]
[Site "Devonport, Auckland NZL"]
[Date "2016.01.02"]
[EventDate "2016.01.02"]
[Round "1.3"]
[Result "1-0"]
[White "Alexandr Hilario Takeda dos Santos Fier"]
[Black "Edward Rains"]
[WhiteElo "2607"]
[BlackElo "2016"]
[PlyCount "69"]

1. e4 c5 2. Nf3 g6 3. d4 cxd4 4. Nxd4 Nc6 5. Nc3 Bg7 6. Be3
Nf6 7. Bc4 O-O 8. Bb3 a5 9. O-O d6 10. Ndb5 Bd7 11. a4 Nb4
12. Qe2 Bc6 13. f3 Nd7 14. Rad1 Qc8 15. Bg5 Bxb5 16. Nxb5 Qc5+
17. Be3 Qc8 18. c3 Na6 19. f4 Nc7 20. f5 Nxb5 21. Qxb5 Ne5
22. Bd5 Qd7 23. Bd4 Qxb5 24. axb5 Rab8 25. Ba7 Ra8 26. b6 Nc6
27. Bxc6 bxc6 28. Ra1 d5 29. exd5 cxd5 30. Rxa5 d4 31. b7 dxc3
32. bxa8=Q Rxa8 33. f6 Bxf6 34. Rxf6 exf6 35. bxc3 1-0

[Event "New Zealand Open"]
[Site "Devonport, Auckland NZL"]
[Date "2016.01.02"]
[EventDate "2016.01.02"]
[Round "1.4"]
[Result "0-1"]
[White "Shenyue Li"]
[Black "Qun Ma"]
[WhiteElo "2007"]
[BlackElo "2606"]
[PlyCount "62"]

1. e4 d5 2. exd5 Qxd5 3. Nc3 Qa5 4. d4 Nf6 5. Nf3 c6 6. Bc4
Bg4 7. h3 Bh5 8. g4 Bg6 9. Ne5 Nbd7 10. Nxg6 hxg6 11. g5 Nd5
12. Bxd5 cxd5 13. Bd2 e6 14. Qe2 Rc8 15. f4 Bb4 16. h4 Nb6
17. f5 Nc4 18. Rh3 gxf5 19. g6 Nxb2 20. Rb1 Bxc3 21. Rxc3 Rxc3
22. Rxb2 Rxh4 23. gxf7+ Kf8 24. Kf1 Qa3 25. Qb5 Rf3+ 26. Ke2
Rf2+ 27. Ke1 Rh1+ 28. Kxf2 Rh2+ 29. Ke1 Qg3+ 30. Kd1 Qf3+
31. Ke1 Rh1+ 0-1

[Event "New Zealand Open"]
[Site "Devonport, Auckland NZL"]
[Date "2016.01.02"]
[EventDate "2016.01.02"]
[Round "1.5"]
[Result "1-0"]
[White "Matthieu Cornette"]
[Black "Roger L Perry"]
[WhiteElo "2591"]
[BlackElo "2005"]
[PlyCount "59"]

1. e4 c5 2. Nc3 Nc6 3. Bb5 Nd4 4. Nf3 Nxb5 5. Nxb5 d5 6. exd5
a6 7. Nc3 Nf6 8. O-O Nxd5 9. Ne4 e6 10. d4 cxd4 11. Qxd4 Nf6
12. Qxd8+ Kxd8 13. Neg5 Ke8 14. Ne5 Be7 15. Nexf7 Rf8 16. Ne5
h6 17. Ngf3 Nd7 18. Ng6 Rf6 19. Nxe7 Kxe7 20. b3 g5 21. Bb2
Rg6 22. Rad1 g4 23. Nd4 Nf6 24. Rfe1 Kf7 25. Ne2 Rg8 26. Rd4
b5 27. Rf4 Rg6 28. Ng3 Ke7 29. Nf5+ Kd7 30. Nh4 1-0

[Event "New Zealand Open"]
[Site "Devonport, Auckland NZL"]
[Date "2016.01.02"]
[EventDate "2016.01.02"]
[Round "1.6"]
[Result "0-1"]
[White "Karl Kai Zhu"]
[Black "Ju Wenjun"]
[WhiteElo "1996"]
[BlackElo "2548"]
[PlyCount "72"]

1. e4 c5 2. Nf3 d6 3. d4 cxd4 4. Nxd4 Nf6 5. Nc3 a6 6. Bg5 e6
7. f4 Qc7 8. Qf3 Nc6 9. Nxc6 bxc6 10. Bxf6 gxf6 11. Bc4 Qb6
12. Bb3 Bd7 13. O-O-O Be7 14. f5 Qa5 15. fxe6 fxe6 16. Kb1 Qe5
17. g4 Rb8 18. h4 c5 19. g5 Rf8 20. g6 hxg6 21. h5 g5 22. h6
Bb5 23. h7 Kd7 24. Rh6 Rh8 25. Qh3 c4 26. Ba4 Bxa4 27. Nxa4
Qb5 28. Qa3 d5 29. Qg3 Qxa4 30. exd5 Qb5 31. dxe6+ Kxe6
32. Qh3+ Kf7 33. Qh5+ Kf8 34. Rxf6+ Bxf6 35. Qh6+ Kf7 36. Qh5+
Kg7 0-1

[Event "New Zealand Open"]
[Site "Devonport, Auckland NZL"]
[Date "2016.01.02"]
[EventDate "2016.01.02"]
[Round "1.7"]
[Result "1-0"]
[White "Thorben Koop"]
[Black "Nathan Goodhue"]
[WhiteElo "2417"]
[BlackElo "1990"]
[PlyCount "59"]

1. e4 g6 2. d4 Bg7 3. Nf3 d6 4. Bc4 a6 5. O-O b5 6. Bb3 e6
7. Qe2 Bb7 8. a4 b4 9. d5 exd5 10. exd5+ Kf8 11. a5 c5
12. dxc6 Nxc6 13. Bxf7 Nd4 14. Nxd4 Bxd4 15. Bxg8 Rxg8
16. Bh6+ Bg7 17. Bxg7+ Rxg7 18. Qg4 Rb8 19. Qxb4 Bxg2 20. Qf4+
Rf7 21. Qh6+ Kg8 22. Kxg2 Rb5 23. Ra3 Rh5 24. Qd2 Qh4 25. h3
Qe4+ 26. f3 Qf5 27. f4 g5 28. Rg3 Rg7 29. fxg5 Qe4+ 30. Kh2
1-0

[Event "New Zealand Open"]
[Site "Devonport, Auckland NZL"]
[Date "2016.01.02"]
[EventDate "2016.01.02"]
[Round "1.8"]
[Result "0-1"]
[White "Leo Zhu"]
[Black "Deimante Daulyte"]
[WhiteElo "1989"]
[BlackElo "2378"]
[PlyCount "60"]

1. e4 c5 2. Nf3 Nc6 3. d4 cxd4 4. Nxd4 e5 5. Nb5 d6 6. N1c3 a6
7. Na3 Be7 8. Bd3 Bg5 9. O-O Bxc1 10. Qxc1 Nf6 11. Qe3 O-O
12. Rad1 b5 13. Nd5 Be6 14. f4 exf4 15. Qxf4 Bxd5 16. exd5 Ne5
17. Kh1 Nfd7 18. c4 Nc5 19. Bb1 Qb6 20. b4 Ncd7 21. cxb5 axb5
22. Nc2 Ng6 23. Qd4 Rac8 24. Qxb6 Nxb6 25. Na3 Nc4 26. Nxb5
Ne3 27. Nxd6 Rcd8 28. Nxf7 Nxd1 29. Bf5 Kxf7 30. Rxd1 Ke7 0-1

[Event "New Zealand Open"]
[Site "Devonport, Auckland NZL"]
[Date "2016.01.02"]
[EventDate "2016.01.02"]
[Round "1.9"]
[Result "1-0"]
[White "Scott Wastney"]
[Black "Michael Klyszcz"]
[WhiteElo "2345"]
[BlackElo "1979"]
[PlyCount "47"]

1. e4 e6 2. d4 d5 3. Bd3 c5 4. exd5 Qxd5 5. Nc3 Qd8 6. dxc5
Bxc5 7. Nf3 Nc6 8. O-O Nf6 9. Qe2 h6 10. Bf4 a6 11. Rad1 Qb6
12. Ne4 Nxe4 13. Bxe4 O-O 14. c3 Re8 15. Ne5 Nxe5 16. Bxe5 Bf8
17. Rd2 g6 18. Rfd1 Qa5 19. Bb1 Bg7 20. f4 b5 21. Bxg7 Kxg7
22. Qe5+ f6 23. Rd7+ Bxd7 24. Rxd7+ 1-0

[Event "New Zealand Open"]
[Site "Devonport, Auckland NZL"]
[Date "2016.01.02"]
[EventDate "2016.01.02"]
[Round "1.10"]
[Result "0-1"]
[White "William F Forster"]
[Black "Aleksei Kulashko"]
[WhiteElo "1975"]
[BlackElo "2341"]
[PlyCount "88"]

1. d4 g6 2. c4 Bg7 3. e4 c5 4. d5 d6 5. Nc3 Nf6 6. Bd3 O-O
7. h3 Na6 8. Nf3 Nc7 9. O-O a6 10. Re1 Rb8 11. a4 e5 12. Bg5
h6 13. Be3 Kh8 14. g4 Ng8 15. Qc2 Bd7 16. Kg2 Qc8 17. Rg1 Bxg4
18. hxg4 Qxg4+ 19. Kh2 Qxf3 20. Rg3 Qf6 21. Rag1 Qe7 22. Qc1
Ne8 23. Rh3 Nef6 24. Rg2 Qd7 25. Qg1 h5 26. Be2 Bh6 27. Bg5
Bxg5 28. Rxg5 Kg7 29. Bxh5 Nxh5 30. Rgxh5 Nf6 31. R5h4 Rh8
32. Qg5 Rxh4 33. Qxh4 Qxh3+ 34. Kxh3 Rh8 35. Qxh8+ Kxh8 36. a5
Kg7 37. f3 Nh5 38. Ne2 f5 39. b3 Kf6 40. Kh4 fxe4 41. fxe4 Nf4
42. Nc1 Ng2+ 43. Kg3 Ne3 44. Nd3 Nf1+ 0-1

[Event "New Zealand Open"]
[Site "Devonport, Auckland NZL"]
[Date "2016.01.02"]
[EventDate "2016.01.02"]
[Round "1.12"]
[Result "0-1"]
[White "Hilton P Bennett"]
[Black "Nino Maisuradze"]
[WhiteElo "1958"]
[BlackElo "2288"]
[PlyCount "76"]

1. e4 c5 2. Nc3 e6 3. f4 Nc6 4. Nf3 a6 5. d3 b5 6. g3 Bb7
7. Qe2 d6 8. Bg2 Nge7 9. O-O Nd4 10. Nxd4 cxd4 11. Nd1 Nc6
12. f5 e5 13. Bd2 Be7 14. Qh5 Rc8 15. Nf2 Nb8 16. Rac1 Nd7
17. g4 h6 18. Qh3 Bg5 19. Bxg5 Qxg5 20. a3 Nc5 21. Qg3 Nb3
22. Nh3 Nxc1 23. Qf2 Nxd3 24. cxd3 Qe3 25. Qxe3 dxe3 26. Re1
Rc2 27. Rxe3 Rxb2 28. Nf2 Rb3 29. a4 bxa4 30. Re1 a3 31. Ra1
Ke7 32. Bf1 Rc8 33. Nd1 Rc2 34. Ne3 Rcb2 35. Nc4 a2 36. Na5
Ra3 37. Nc4 Rb1 38. Nxa3 Rxa1 0-1

[Event "New Zealand Open"]
[Site "Devonport, Auckland NZL"]
[Date "2016.01.02"]
[EventDate "2016.01.02"]
[Round "1.15"]
[Result "0-1"]
[White "Matthew Drummond"]
[Black "Jack James"]
[WhiteElo "2255"]
[BlackElo "1935"]
[PlyCount "76"]

1. c4 e5 2. g3 d6 3. Bg2 f5 4. Nc3 Nf6 5. d3 Be7 6. e4 c6
7. Nge2 O-O 8. h3 Qe8 9. exf5 Bxf5 10. d4 Nbd7 11. g4 exd4
12. Qxd4 Bg6 13. O-O Nb6 14. b3 Nfd7 15. Be3 Nc5 16. Qd2 Rd8
17. Nf4 Bf7 18. Rfe1 Qd7 19. Rad1 Bf6 20. Qc2 Qc7 21. g5 Bxg5
22. Nfd5 cxd5 23. Bxg5 dxc4 24. Bxd8 Qxd8 25. bxc4 Bxc4
26. Qd2 Nd3 27. Re2 d5 28. Rb1 Nf4 29. Re5 Qf6 30. Rbe1 Qg6
31. f3 Nxh3+ 32. Kh2 Nf4 33. Kg1 Qg3 34. Re7 h5 35. Re8 Bd3
36. Rxf8+ Kxf8 37. Nd1 Nc4 38. Qb4+ Kg8 0-1

[Event "New Zealand Open"]
[Site "Devonport, Auckland NZL"]
[Date "2016.01.02"]
[EventDate "2016.01.02"]
[Round "1.16"]
[Result "0-1"]
[White "Philip I Hair"]
[Black "Michael Steadman"]
[WhiteElo "1932"]
[BlackElo "2252"]
[PlyCount "62"]

1. e4 c5 2. Nc3 a6 3. g3 b5 4. Bg2 Bb7 5. d3 e6 6. f4 d5
7. Qe2 Be7 8. e5 Nc6 9. Nf3 Nh6 10. Nd1 Qb6 11. c3 b4 12. Nf2
Nf5 13. O-O h5 14. Bd2 a5 15. Qd1 a4 16. Re1 a3 17. Rb1 axb2
18. Rxb2 Ra3 19. Qb1 Qa7 20. Rc1 O-O 21. Rbc2 d4 22. cxb4 Nxb4
23. Bxb4 cxb4 24. Rc7 Qa8 25. Ne1 Bxg2 26. Nxg2 Rc3 27. Rc4
Rc8 28. R4xc3 dxc3 29. Rc2 Nd4 30. Ne4 Nxc2 31. Qxc2 Qa3 0-1

[Event "New Zealand Open"]
[Site "Devonport, Auckland NZL"]
[Date "2016.01.02"]
[EventDate "2016.01.02"]
[Round "1.17"]
[Result "1-0"]
[White "Paul Anthony Garbett"]
[Black "Bernard Alan Carpinter"]
[WhiteElo "2250"]
[BlackElo "1928"]
[PlyCount "47"]

1. c4 c5 2. g3 g6 3. Nc3 Bg7 4. Bg2 Nc6 5. a3 Nf6 6. Rb1 a5
7. d3 O-O 8. e3 e6 9. Nge2 d5 10. O-O b6 11. Qb3 dxc4 12. dxc4
Qc7 13. Nb5 Qb7 14. Rd1 Ne8 15. Bd2 e5 16. Bc3 Be6 17. Qa4 Bg4
18. Rd2 Rc8 19. Rbd1 Bxe2 20. Rxe2 f5 21. Red2 e4 22. Rd7 Qb8
23. Nd6 Rc7 24. Nxe8 1-0

[Event "New Zealand Open"]
[Site "Devonport, Auckland NZL"]
[Date "2016.01.02"]
[EventDate "2016.01.02"]
[Round "1.18"]
[Result "0-1"]
[White "Christopher Benson"]
[Black "Mark Fredrick Noble"]
[WhiteElo "1920"]
[BlackElo "2241"]
[PlyCount "48"]

1. e4 e5 2. Nf3 d6 3. d4 Nf6 4. Bc4 Nxe4 5. Nbd2 Nxd2 6. Bxd2
d5 7. Bb3 exd4 8. Nxd4 Be7 9. Qf3 c6 10. O-O O-O 11. c3 Bf6
12. Bc2 Nd7 13. Qd3 g6 14. f4 Nc5 15. Qf3 Ne6 16. Ne2 Qb6+
17. Kh1 Qxb2 18. Rac1 Ng7 19. g4 Bd7 20. Ng3 h6 21. h3 Rae8
22. Qd3 Qxa2 23. Nh5 Nxh5 24. gxh5 Bf5 0-1

[Event "New Zealand Open"]
[Site "Devonport, Auckland NZL"]
[Date "2016.01.02"]
[EventDate "2016.01.02"]
[Round "1.20"]
[Result "0-1"]
[White "Sean Watharow"]
[Black "Robert Wayne Smith"]
[WhiteElo "1913"]
[BlackElo "2208"]
[PlyCount "94"]

1. e4 c5 2. c3 g6 3. d4 cxd4 4. cxd4 d5 5. e5 Bg7 6. Nf3 Bg4
7. Bb5+ Nd7 8. h3 Bxf3 9. Qxf3 e6 10. O-O a6 11. Bxd7+ Qxd7
12. Nc3 Ne7 13. Bg5 Nc6 14. Rfd1 O-O 15. Bf6 b5 16. g4 Rfc8
17. Rd2 Bf8 18. Nd1 Rc7 19. Ne3 Rac8 20. g5 Ne7 21. Bxe7 Qxe7
22. h4 h5 23. Kg2 Rc1 24. Rxc1 Rxc1 25. Rc2 Rxc2 26. Nxc2 Qc7
27. Qc3 Qc4 28. a3 a5 29. Kf3 Qf1 30. Ne3 Qh3+ 31. Ke2 b4
32. axb4 axb4 33. Qd2 Qxh4 34. Nc2 Qe4+ 35. Kf1 h4 36. Kg1
Qg4+ 37. Kh2 Be7 38. f4 Qg3+ 39. Kh1 h3 40. Ne1 Kg7 41. Nd3
Bd8 42. Ne1 b3 43. Nd3 Qf3+ 44. Kh2 Ba5 45. Ne1 Bxd2 46. Nxf3
Bxf4+ 47. Kxh3 Bc1 0-1

[Event "New Zealand Open"]
[Site "Devonport, Auckland NZL"]
[Date "2016.01.02"]
[EventDate "2016.01.02"]
[Round "1.21"]
[Result "1-0"]
[White "Gino Thornton"]
[Black "Leighton Nicholls"]
[WhiteElo "2207"]
[BlackElo "1910"]
[PlyCount "67"]

1. Nf3 d5 2. d4 Nf6 3. c4 c6 4. Nc3 e6 5. e3 Bd6 6. Bd3 Nbd7
7. O-O O-O 8. e4 dxe4 9. Nxe4 Nxe4 10. Bxe4 Nf6 11. Bc2 c5
12. Bg5 b6 13. Qd3 g6 14. dxc5 Be7 15. Ne5 Qxd3 16. Bxd3 Kg7
17. cxb6 axb6 18. Rfd1 Nd5 19. Bxe7 Nxe7 20. Be4 Ra7 21. Rd6
f6 22. Nc6 Nxc6 23. Rxc6 Rd8 24. h3 Rd4 25. Bf3 Bd7 26. Rxb6
Rxc4 27. b3 Rc2 28. a4 Rb2 29. a5 Bc8 30. b4 Kf7 31. Rb8 Bd7
32. Rb7 Rxb7 33. Bxb7 Rxb4 34. a6 1-0

[Event "New Zealand Open"]
[Site "Devonport, Auckland NZL"]
[Date "2016.01.02"]
[EventDate "2016.01.02"]
[Round "1.22"]
[Result "0-1"]
[White "P Wayne Power"]
[Black "Tim Reilly"]
[WhiteElo "1889"]
[BlackElo "2203"]
[PlyCount "66"]

1. d4 d6 2. e4 Nf6 3. Nc3 g6 4. f4 Bg7 5. Nf3 O-O 6. Be3 b6
7. d5 Bb7 8. a3 c6 9. Bc4 cxd5 10. exd5 Nbd7 11. Ba2 Nc5
12. Bd4 Qd7 13. O-O Rac8 14. b4 Na6 15. Qd2 Nc7 16. Rad1 Qf5
17. Rfe1 Rfe8 18. h3 Ncxd5 19. Bxd5 Bxd5 20. Nxd5 Qxd5 21. Qe2
Qf5 22. c3 Qxf4 23. Qa6 Rc7 24. Qa4 Rec8 25. Rd3 Qf5 26. Qd1
e5 27. Bf2 Ne4 28. Rde3 Nxc3 29. Qxd6 e4 30. Nh4 Qe5 31. Qd2
Qd4 32. Qb2 Qd5 33. Kh1 Nd1 0-1

[Event "New Zealand Open"]
[Site "Devonport, Auckland NZL"]
[Date "2016.01.02"]
[EventDate "2016.01.02"]
[Round "1.23"]
[Result "1-0"]
[White "Hans Gao"]
[Black "Richard Taylor"]
[WhiteElo "2183"]
[BlackElo "1888"]
[PlyCount "61"]

1. e4 c5 2. Nf3 Nc6 3. d4 cxd4 4. Nxd4 Nf6 5. Nc3 e5 6. Ndb5
d6 7. a4 a6 8. Na3 Be6 9. Bg5 Be7 10. Be2 O-O 11. Bxf6 Bxf6
12. Nd5 Bg5 13. c3 Ne7 14. Bc4 Kh8 15. Qd3 f5 16. Nxe7 Qxe7
17. Bxe6 Qxe6 18. Rd1 fxe4 19. Qxe4 Qb3 20. Qc2 Qe6 21. O-O
Rf4 22. g3 Rf6 23. Qe4 Raf8 24. Nc4 Qe7 25. f4 Bxf4 26. gxf4
Rxf4 27. Rxf4 Rxf4 28. Qd5 Qh4 29. Nxd6 Qf2+ 30. Kh1 h5
31. Qg2 1-0

[Event "New Zealand Open"]
[Site "Devonport, Auckland NZL"]
[Date "2016.01.02"]
[EventDate "2016.01.02"]
[Round "1.24"]
[Result "1/2-1/2"]
[White "L Ross Jackson"]
[Black "Heather Richards"]
[WhiteElo "1884"]
[BlackElo "2165"]
[PlyCount "63"]

1. d4 e6 2. e4 d5 3. Nd2 Be7 4. Ngf3 Nf6 5. e5 Nfd7 6. Bd3 c5
7. c3 Nc6 8. O-O g5 9. dxc5 g4 10. Nd4 Ndxe5 11. Nxc6 bxc6
12. Nb3 h5 13. Be2 Rg8 14. f4 gxf3 15. Bxf3 Ba6 16. Be2 Bc4
17. Kh1 Ng4 18. h3 Bxb3 19. axb3 Bxc5 20. Qe1 Rh8 21. b4 Bd6
22. g3 Qc7 23. Kg2 Ne5 24. b5 h4 25. Ra6 Rg8 26. g4 Rb8
27. Qf2 Rb6 28. Rxb6 axb6 29. Qxh4 Ng6 30. Qf2 Rh8 31. Bg5 Bc5
32. Qg3 1/2-1/2

[Event "New Zealand Open"]
[Site "Devonport, Auckland NZL"]
[Date "2016.01.02"]
[EventDate "2016.01.02"]
[Round "1.25"]
[Result "1/2-1/2"]
[White "Alphaeus Wei Ern Ang"]
[Black "Allen Chi Zhou Fan"]
[WhiteElo "2136"]
[BlackElo "1825"]
[PlyCount "168"]

1. d4 Nf6 2. c4 g6 3. Nc3 Bg7 4. e4 d6 5. Nf3 O-O 6. Be2 Nbd7
7. O-O e5 8. Be3 Qe7 9. d5 Ng4 10. Bg5 f6 11. Bd2 h5 12. Nh4
Qf7 13. Bxg4 hxg4 14. Qxg4 g5 15. Nf5 Nc5 16. Be3 Nd3 17. Qe2
Nf4 18. Bxf4 exf4 19. Nb5 a6 20. Nbd4 Re8 21. Qf3 Re5 22. g3
fxg3 23. fxg3 Bd7 24. h4 gxh4 25. gxh4 Kh7 26. Kh1 b5 27. Rg1
Bh6 28. Nxh6 Kxh6 29. Nf5+ Bxf5 30. exf5 Kh7 31. b3 Rae8
32. Raf1 bxc4 33. bxc4 Re3 34. Qg4 R8e4 35. Rf4 Rh3+ 36. Qxh3
Rxf4 37. h5 Rxc4 38. Qf3 Rh4+ 39. Kg2 Rxh5 40. Kf1 Qe8 41. Rh1
Qb5+ 42. Kf2 Qb2+ 43. Kg3 Qe5+ 44. Kf2 Qd4+ 45. Kg3 Rxh1
46. Qxh1+ Kg7 47. Qh5 Qe3+ 48. Kh4 Qf2+ 49. Kg4 Qg1+ 50. Kh4
a5 51. Qg4+ Qxg4+ 52. Kxg4 a4 53. a3 Kf7 54. Kh5 Ke7 55. Kg6
c5 56. dxc6 d5 57. c7 Kd7 58. Kxf6 d4 59. c8=Q+ Kxc8 60. Ke7
d3 61. f6 d2 62. f7 d1=Q 63. f8=Q+ Kb7 64. Qg7 Qb3 65. Kd6+
Ka6 66. Qa1 Qc4 67. Qb2 Qd3+ 68. Kc5 Qe3+ 69. Kc4 Qe6+ 70. Kc3
Qe5+ 71. Kc2 Qe4+ 72. Kc1 Qe1+ 73. Kc2 Qe2+ 74. Kb1 Qd1+
75. Ka2 Qd5+ 76. Ka1 Qc4 77. Qf6+ Kb5 78. Qe5+ Kc6 79. Qf6+
Kc5 80. Qe7+ Kc6 81. Qe8+ Kd6 82. Qd8+ Ke5 83. Qe7+ Kf5
84. Qf8+ Kg5 1/2-1/2

[Event "New Zealand Open"]
[Site "Devonport, Auckland NZL"]
[Date "2016.01.02"]
[EventDate "2016.01.02"]
[Round "1.26"]
[Result "0-1"]
[White "Alan Wolstencroft"]
[Black "Reyk Schaefer"]
[WhiteElo "1796"]
[BlackElo "2134"]
[PlyCount "76"]

1. e4 e5 2. Nf3 d6 3. d4 exd4 4. Nxd4 Nf6 5. Nc3 Be7 6. Bf4
O-O 7. Qd2 d5 8. e5 Ne4 9. Nxe4 dxe4 10. O-O-O Qd5 11. Kb1 Nc6
12. Nxc6 Qxc6 13. Qd5 Qxd5 14. Rxd5 Be6 15. Rd2 Rad8 16. Be2
Rxd2 17. Bxd2 Bc5 18. f3 Bd5 19. fxe4 Bxe4 20. Bf3 Bxf3
21. gxf3 Re8 22. f4 g6 23. Re1 Kf8 24. Kc1 Ke7 25. b4 Bb6
26. a4 Ke6 27. c4 Bd4 28. Kc2 Kf5 29. h3 Rd8 30. Re2 a6 31. a5
Ba7 32. c5 Rd7 33. Kc3 c6 34. Kc4 Bb8 35. Kc3 Bc7 36. Kc4 Bd8
37. Kc3 Bh4 38. Kc2 Bg3 0-1

[Event "New Zealand Open"]
[Site "Devonport, Auckland NZL"]
[Date "2016.01.02"]
[EventDate "2016.01.02"]
[Round "1.27"]
[Result "1-0"]
[White "Eric Moskow"]
[Black "Joy Shu Yan Qin"]
[WhiteElo "2127"]
[BlackElo "1685"]
[PlyCount "69"]

1. Nf3 e6 2. c4 d5 3. g3 c5 4. Bg2 Nc6 5. O-O Nf6 6. b3 Be7
7. Bb2 O-O 8. cxd5 exd5 9. d4 b6 10. Nc3 Bb7 11. Rc1 cxd4
12. Nxd4 Qd7 13. Ncb5 a6 14. Nxc6 Bxc6 15. Nd4 Bb7 16. Qc2
Rfc8 17. Qf5 Bc5 18. Qxd7 Nxd7 19. Bh3 Rd8 20. Rfd1 Nf8 21. e3
Bc8 22. Bg2 Bb7 23. Rd2 Rac8 24. Rdc2 Ne6 25. Bh3 Re8 26. Nxe6
fxe6 27. b4 Bxb4 28. Rxc8 Bxc8 29. Rxc8 Rxc8 30. Bxe6+ Kf8
31. Bxc8 a5 32. Bb7 Bc5 33. a4 h6 34. Bxd5 g6 35. Kg2 1-0

[Event "New Zealand Open"]
[Site "Devonport, Auckland NZL"]
[Date "2016.01.02"]
[EventDate "2016.01.02"]
[Round "1.28"]
[Result "0-1"]
[White "Jasmine Haomo Zhang"]
[Black "John Duneas"]
[WhiteElo "1674"]
[BlackElo "2110"]
[PlyCount "118"]

1. d4 Nf6 2. c4 g6 3. Nc3 d5 4. cxd5 Nxd5 5. e4 Nxc3 6. bxc3
Bg7 7. Be3 c5 8. Qd2 O-O 9. Rb1 Nc6 10. Ne2 Qa5 11. f4 cxd4
12. cxd4 Qxd2+ 13. Kxd2 Rd8 14. e5 b6 15. Ke1 Bf5 16. Rb2 Rac8
17. Kf2 e6 18. Rd2 Bf8 19. h3 Bb4 20. Rb2 Bd3 21. g3 Bxe2
22. Bxe2 Bc3 23. Rbb1 Bxd4 24. Ba6 Rc7 25. Rbc1 Bxe3+ 26. Kxe3
Nb4 27. Rxc7 Nd5+ 28. Ke2 Nxc7 29. Bc4 Kf8 30. Rc1 Ke7 31. Ke3
Rd7 32. Bb3 Kd8 33. Ke2 Nb5 34. Ke3 Rc7 35. Rd1+ Ke7 36. Re1
Rc3+ 37. Kf2 Nd4 38. Rb1 h5 39. h4 Nf5 40. Rg1 b5 41. Bd1 Ra3
42. Bb3 a5 43. Ra1 a4 44. Bc2 Nxg3 45. Rb1 Nf5 46. Bxf5 exf5
47. Rxb5 Rxa2+ 48. Kg3 Ra3+ 49. Kg2 Rb3 50. Ra5 a3 51. Ra4 Re3
52. Ra7+ Ke6 53. Ra5 Rd3 54. Ra7 Rd2+ 55. Kg3 a2 56. Ra5 Kd7
57. Kf3 Kc6 58. Kg3 Kb6 59. Ra3 Rd3+ 0-1

[Event "New Zealand Open"]
[Site "Devonport, Auckland NZL"]
[Date "2016.01.02"]
[EventDate "2016.01.02"]
[Round "1.29"]
[Result "1/2-1/2"]
[White "Tony Dowden"]
[Black "Caroline Yan"]
[WhiteElo "2088"]
[BlackElo "1672"]
[PlyCount "45"]

1. Nf3 e6 2. g3 Nf6 3. Bg2 d5 4. b3 Bd6 5. Bb2 Nbd7 6. O-O c6
7. c4 O-O 8. Nc3 Re8 9. d4 b6 10. Rc1 Bb7 11. h4 Rc8 12. e4
dxe4 13. Ng5 e3 14. f4 Qc7 15. Qd3 a6 16. Rcd1 c5 17. d5 e2
18. Nxe2 exd5 19. Bxd5 Bxd5 20. cxd5 c4 21. bxc4 Qxc4 22. Qxc4
Rxc4 23. Nc3 1/2-1/2

[Event "New Zealand Open"]
[Site "Devonport, Auckland NZL"]
[Date "2016.01.02"]
[EventDate "2016.01.02"]
[Round "1.30"]
[Result "0-1"]
[White "Louie Wei"]
[Black "Leo Zhang"]
[WhiteElo "1669"]
[BlackElo "2087"]
[PlyCount "84"]

1. d4 Nf6 2. f4 d5 3. Nf3 g6 4. e3 Bg7 5. Bd3 c5 6. c3 b6
7. O-O O-O 8. Qe2 a5 9. b3 Ba6 10. Nbd2 a4 11. Bb2 Ne4
12. Bxa6 Nxd2 13. Qxd2 Rxa6 14. Qd3 a3 15. Bc1 Qc7 16. c4 cxd4
17. exd4 dxc4 18. bxc4 Nc6 19. Ne5 Rd8 20. Nxc6 Qxc6 21. d5
Bxa1 22. Bxa3 Rxa3 23. Qxa3 Bd4+ 24. Kh1 Qxc4 25. Qf3 Qxd5
26. Qe2 Bc5 27. h3 Qd3 28. Qf3 Qxf3 29. Rxf3 Rd2 30. a3 Ra2
31. Kh2 Rxa3 32. Kg3 Rxf3+ 33. Kxf3 b5 34. Ke2 b4 35. Kd2 Kg7
36. Kc2 Kf6 37. Kb3 Kf5 38. g3 f6 39. Kc2 e5 40. fxe5 fxe5
41. Kb2 e4 42. Kc2 e3 0-1

[Event "New Zealand Open"]
[Site "Devonport, Auckland NZL"]
[Date "2016.01.02"]
[EventDate "2016.01.02"]
[Round "1.31"]
[Result "1-0"]
[White "Matthew McNabb"]
[Black "Hikaru Oka"]
[WhiteElo "2083"]
[BlackElo "1449"]
[PlyCount "57"]

1. Nf3 Nf6 2. c4 c5 3. Nc3 Nc6 4. d4 cxd4 5. Nxd4 g6 6. e4 d6
7. Be2 Bg7 8. Nc2 a6 9. O-O O-O 10. Be3 Rb8 11. f4 e6 12. Qd2
b6 13. Rad1 Ne8 14. e5 Rb7 15. Bf3 Bd7 16. exd6 Qb8 17. b4 Ra7
18. a4 Nf6 19. Kh1 e5 20. a5 exf4 21. Bxb6 Rb7 22. Qxf4 Re8
23. Nd5 Re6 24. Nc7 Nh5 25. Bxh5 Rf6 26. Qe3 gxh5 27. Rxf6
Bxf6 28. Nxa6 Qf8 29. Nc5 1-0

[Event "New Zealand Open"]
[Site "Devonport, Auckland NZL"]
[Date "2016.01.02"]
[EventDate "2016.01.02"]
[Round "1.32"]
[Result "0-1"]
[White "Vyanla M Punsalan"]
[Black "David Cilia Vincenti"]
[WhiteElo "1356"]
[BlackElo "2061"]
[PlyCount "78"]

1. d4 f5 2. c4 e6 3. Nf3 Nf6 4. Bf4 Bb4+ 5. Nbd2 Ne4 6. a3
Nxd2 7. Nxd2 Be7 8. Nf3 O-O 9. e3 d6 10. Be2 Bf6 11. Rb1 Qe7
12. O-O Kh8 13. Nd2 e5 14. dxe5 dxe5 15. Bg3 Rd8 16. f3 a5
17. Qc2 Nc6 18. Rbd1 Bg5 19. Bf2 Be6 20. Bd3 g6 21. Qc3 Bf6
22. Qc2 Rd7 23. Be2 Rad8 24. Nb3 Rxd1 25. Rxd1 Rxd1+ 26. Bxd1
Qd6 27. Be2 f4 28. e4 a4 29. Nc5 Nd4 30. Qxa4 Qxc5 31. Kf1 Kg7
32. b4 Qd6 33. c5 Qd8 34. Bd1 Bc4+ 35. Ke1 Bh4 36. g3 fxg3
37. hxg3 Bg5 38. b5 Nxf3+ 39. Bxf3 Qd2# 0-1

[Event "New Zealand Open"]
[Site "Devonport, Auckland NZL"]
[Date "2016.01.02"]
[EventDate "2016.01.02"]
[Round "1.33"]
[Result "1-0"]
[White "Daniel Hanwen Gong"]
[Black "Eva Lourenco"]
[WhiteElo "2055"]
[BlackElo "1306"]
[PlyCount "59"]

1. e4 c5 2. Nf3 Nc6 3. Nc3 g6 4. d3 Bg7 5. g3 d6 6. Bg2 Nf6
7. O-O a6 8. Bg5 O-O 9. a4 Be6 10. Qd2 h6 11. Bxh6 Ng4
12. Bxg7 Kxg7 13. Ng5 Rh8 14. Nxe6+ fxe6 15. h3 Nf6 16. f4 Qd7
17. Rae1 Rh6 18. g4 Rh4 19. f5 Ne5 20. g5 Nh5 21. f6+ exf6
22. gxf6+ Nxf6 23. Qg5 Rah8 24. Qxf6+ Kh6 25. Qxh8+ Kg5
26. Qf6+ Kh5 27. Bf3+ Nxf3+ 28. Rxf3 e5 29. Rg3 Qxh3 30. Qg5#
1-0